[Event "DVM U14 2020"]
[Site "Willingen GER"]
[Date "2021.06.25"]
[Round "4"]
[White "Hänselmann, Hendrik"]
[Black "Eilenberg, Jonas"]
[Result "1/2-1/2"]
[Termination "normal"]
[Board "1.1"]
[WhiteElo "1828"]
[BlackElo "2126"]
[WhiteClock "00:56:24"]
[BlackClock "00:18:11"]
[WhiteTeam "Karlsruher SF 1853"]
[BlackTeam "SV Königsjäger Süd-West e.V."]
[PlyCount "52"]
[WhiteFideId "16232755"]
[BlackFideId "16204271"]
[EventCountry "GER"]
[EventRounds "7"]
[EventType "team-swiss"]
[EventDate "2021.06.23"]

1. e4 {[%clk 1:30:57]} 1... c5 {[%clk 1:30:55]} 2. Nf3 {[%clk 1:31:22]} 2...
Nc6 {[%clk 1:31:20]} 3. d4 {[%clk 1:31:48]} 3... cxd4 {[%clk 1:31:46]} 4. Nxd4
{[%clk 1:32:14]} 4... Nf6 {[%clk 1:32:10]} 5. Nc3 {[%clk 1:32:40]} 5... e5 {
[%clk 1:32:36]} 6. Ndb5 {[%clk 1:33:06]} 6... d6 {[%clk 1:33:00]} 7. Bg5 {
[%clk 1:33:29]} 7... a6 {[%clk 1:33:26]} 8. Na3 {[%clk 1:33:52]} 8... b5 {
[%clk 1:33:52]} 9. Nd5 {[%clk 1:34:16]} 9... Be7 {[%clk 1:34:18]} 10. Bxf6 {
[%clk 1:34:42]} 10... Bxf6 {[%clk 1:34:43]} 11. c4 {[%clk 1:35:08]} 11... b4 {
[%clk 1:35:09]} 12. Nc2 {[%clk 1:35:33]} 12... O-O {[%clk 1:35:34]} 13. Be2 {
[%clk 1:36:01]} 13... a5 {[%clk 1:35:00]} 14. O-O {[%clk 1:36:22]} 14... Bg5 {
[%clk 1:35:05]} 15. Qd3 {[%clk 1:36:39]} 15... Be6 {[%clk 1:34:07]} 16. Rfd1 {
[%clk 1:35:24]} 16... Rb8 {[%clk 1:29:36]} 17. b3 {[%clk 1:35:11]} 17... Kh8 {
[%clk 1:24:47]} 18. Bf3 {[%clk 1:35:31]} 18... g6 {[%clk 1:09:27]} 19. Qe2 {
[%clk 1:33:45]} 19... Qd7 {[%clk 1:05:18]} 20. Rd3 {[%clk 1:30:49]} 20... Qa7 {
[%clk 1:00:41]} 21. h3 {[%clk 1:27:34]} 21... Bh6 {[%clk 0:56:02]} 22. Rad1 {
[%clk 1:23:53]} 22... Rbd8 {[%clk 0:50:15]} 23. h4 {[%clk 1:11:32]} 23... Bg7 {
[%clk 0:28:27]} 24. Re1 {[%clk 1:04:44]} 24... Qc5 {[%clk 0:24:46]} 25. Qd2 {
[%clk 1:01:24]} 25... Rd7 {[%clk 0:21:40]} 26. Rd1 {[%clk 0:56:24]} 26... Ra8 {
[%clk 0:18:11]} 1/2-1/2

[Event "DVM U14 2020"]
[Site "Willingen GER"]
[Date "2021.06.25"]
[Round "4"]
[White "Rose, Daniel"]
[Black "Kiefhaber, Tobias"]
[Result "1-0"]
[Termination "normal"]
[Board "1.2"]
[WhiteElo "1816"]
[BlackElo "1562"]
[WhiteClock "01:01:28"]
[BlackClock "01:02:24"]
[WhiteTeam "SV Königsjäger Süd-West e.V."]
[BlackTeam "Karlsruher SF 1853"]
[PlyCount "47"]
[WhiteFideId "16242963"]
[BlackFideId "16240693"]
[EventCountry "GER"]
[EventRounds "7"]
[EventType "team-swiss"]
[EventDate "2021.06.23"]

1. d4 {[%clk 1:30:57]} 1... Nf6 {[%clk 1:30:54]} 2. c4 {[%clk 1:31:22]} 2... d6
{[%clk 1:31:16]} 3. Nc3 {[%clk 1:31:47]} 3... g6 {[%clk 1:31:40]} 4. Nf3 {
[%clk 1:32:09]} 4... Bg7 {[%clk 1:31:59]} 5. e4 {[%clk 1:31:48]} 5... O-O {
[%clk 1:32:12]} 6. Qc2 {[%clk 1:30:54]} 6... Nbd7 {[%clk 1:31:55]} 7. g3 {
[%clk 1:31:04]} 7... e5 {[%clk 1:31:47]} 8. d5 {[%clk 1:31:30]} 8... Kh8 {
[%clk 1:31:01]} 9. Bg2 {[%clk 1:31:11]} 9... Ng8 {[%clk 1:30:37]} 10. h4 {
[%clk 1:19:08]} 10... f5 {[%clk 1:27:50]} 11. h5 {[%clk 1:18:45]} 11... gxh5 {
[%clk 1:25:41]} 12. Rxh5 {[%clk 1:16:14]} 12... Ngf6 {[%clk 1:24:06]} 13. Rh1 {
[%clk 1:15:31]} 13... Nc5 {[%clk 1:19:40]} 14. Nh4 {[%clk 1:13:34]} 14... Kg8 {
[%clk 1:17:36]} 15. Nxf5 {[%clk 1:12:32]} 15... Nfxe4 {[%clk 1:15:25]} 16. Nxg7
{[%clk 1:09:19]} 16... Rxf2 {[%clk 1:14:08]} 17. Qb1 {[%clk 1:02:23]} 17...
Rxg2 {[%clk 1:08:57]} 18. Nxe4 {[%clk 1:02:28]} 18... Qf8 {[%clk 1:05:39]} 19.
Nf6+ {[%clk 1:02:17]} 19... Qxf6 {[%clk 1:04:36]} 20. Qxh7+ {[%clk 1:02:39]}
20... Kf8 {[%clk 1:03:43]} 21. Qh8+ {[%clk 1:01:51]} 21... Kf7 {[%clk 1:02:24]}
22. Qe8+ {[%clk 1:00:54]} 22... Kxg7 {[%clk 1:02:20]} 23. Qh8+ {[%clk 1:01:12]}
23... Kf7 {[%clk 1:02:24]} 24. Rh7+ {[%clk 1:01:28]} 1-0

[Event "DVM U14 2020"]
[Site "Willingen GER"]
[Date "2021.06.25"]
[Round "4"]
[White "Hoffmann, Alexander"]
[Black "Korek, Jakob Alexander"]
[Result "1-0"]
[Termination "normal"]
[Board "1.3"]
[WhiteElo "1554"]
[BlackElo "1663"]
[WhiteClock "00:08:14"]
[BlackClock "00:22:35"]
[WhiteTeam "Karlsruher SF 1853"]
[BlackTeam "SV Königsjäger Süd-West e.V."]
[PlyCount "75"]
[WhiteFideId "16240219"]
[BlackFideId "16240022"]
[EventCountry "GER"]
[EventRounds "7"]
[EventType "team-swiss"]
[EventDate "2021.06.23"]

1. e4 {[%clk 1:30:57]} 1... e5 {[%clk 1:30:55]} 2. Nf3 {[%clk 1:31:23]} 2...
Nc6 {[%clk 1:31:18]} 3. Bb5 {[%clk 1:31:48]} 3... a6 {[%clk 1:31:38]} 4. Ba4 {
[%clk 1:32:12]} 4... Nf6 {[%clk 1:32:02]} 5. O-O {[%clk 1:31:48]} 5... b5 {
[%clk 1:32:11]} 6. Bb3 {[%clk 1:32:14]} 6... Bc5 {[%clk 1:32:02]} 7. c3 { [%clk
1:30:45]} 7... d6 {[%clk 1:31:45]} 8. d4 {[%clk 1:30:57]} 8... Bb6 { [%clk
1:31:46]} 9. h3 {[%clk 1:29:43]} 9... h6 {[%clk 1:31:27]} 10. Be3 { [%clk
1:29:25]} 10... O-O {[%clk 1:29:59]} 11. Nbd2 {[%clk 1:15:14]} 11... Re8 {[%clk
1:27:38]} 12. Bc2 {[%clk 1:13:55]} 12... Bb7 {[%clk 1:27:19]} 13. Re1 { [%clk
1:12:58]} 13... Nb8 {[%clk 1:24:14]} 14. d5 {[%clk 1:07:31]} 14... Nbd7 { [%clk
1:24:09]} 15. c4 {[%clk 1:03:23]} 15... c5 {[%clk 1:18:52]} 16. Bd3 { [%clk
0:57:44]} 16... b4 {[%clk 1:14:54]} 17. Nh2 {[%clk 0:56:01]} 17... Nf8 { [%clk
1:13:54]} 18. f4 {[%clk 0:52:20]} 18... exf4 {[%clk 1:13:43]} 19. Bxf4 { [%clk
0:52:08]} 19... g5 {[%clk 1:09:55]} 20. Bg3 {[%clk 0:50:27]} 20... Ng6 { [%clk
1:07:26]} 21. Qf3 {[%clk 0:45:51]} 21... Kg7 {[%clk 1:02:42]} 22. Rf1 { [%clk
0:43:06]} 22... Bc8 {[%clk 1:01:45]} 23. e5 {[%clk 0:38:18]} 23... dxe5 { [%clk
0:58:28]} 24. Bxg6 {[%clk 0:36:45]} 24... fxg6 {[%clk 0:56:26]} 25. Rae1 {[%clk
0:28:52]} 25... e4 {[%clk 0:49:01]} 26. Nxe4 {[%clk 0:24:15]} 26... Bf5 {[%clk
0:43:34]} 27. Nxf6 {[%clk 0:23:23]} 27... Qxf6 {[%clk 0:43:02]} 28. d6 { [%clk
0:15:31]} 28... Qd4+ {[%clk 0:42:27]} 29. Kh1 {[%clk 0:15:01]} 29... Re4 {[%clk
0:33:06]} 30. Rxe4 {[%clk 0:11:08]} 30... Qxe4 31. Qxe4 {[%clk 0:11:25]} 31...
Bxe4 {[%clk 0:33:37]} 32. Re1 {[%clk 0:11:05]} 32... Re8 {[%clk 0:33:52]} 33.
Ng4 {[%clk 0:10:45]} 33... h5 {[%clk 0:22:35]} 34. Be5+ {[%clk 0:08:14]} 34...
Kf8 35. d7 Re6 36. Rxe4 hxg4 37. Bc7 Bxc7 38. Rxe6 1-0

[Event "DVM U14 2020"]
[Site "Willingen GER"]
[Date "2021.06.25"]
[Round "4"]
[White "Abed, Karim"]
[Black "Liu, Leon"]
[Result "1/2-1/2"]
[Termination "normal"]
[Board "1.4"]
[WhiteElo "1626"]
[BlackElo "1230"]
[WhiteClock "00:24:43"]
[BlackClock "00:25:24"]
[WhiteTeam "SV Königsjäger Süd-West e.V."]
[BlackTeam "Karlsruher SF 1853"]
[PlyCount "99"]
[WhiteFideId "16242785"]
[BlackFideId "16275047"]
[EventCountry "GER"]
[EventRounds "7"]
[EventType "team-swiss"]
[EventDate "2021.06.23"]

1. d4 {[%clk 1:30:58]} 1... d5 {[%clk 1:30:52]} 2. Nf3 {[%clk 1:31:08]} 2...
Nf6 {[%clk 1:30:58]} 3. g3 {[%clk 1:31:32]} 3... Bf5 {[%clk 1:30:26]} 4. Bg2 {
[%clk 1:31:52]} 4... e6 {[%clk 1:29:09]} 5. O-O {[%clk 1:32:17]} 5... Nbd7 {
[%clk 1:28:45]} 6. c4 {[%clk 1:32:14]} 6... Be7 {[%clk 1:27:10]} 7. Nbd2 {
[%clk 1:31:27]} 7... O-O {[%clk 1:25:10]} 8. Nh4 {[%clk 1:29:37]} 8... Be4 {
[%clk 1:20:50]} 9. f3 {[%clk 1:29:00]} 9... Bg6 {[%clk 1:20:44]} 10. Nxg6 {
[%clk 1:29:26]} 10... hxg6 {[%clk 1:20:59]} 11. e4 {[%clk 1:27:00]} 11... e5 {
[%clk 1:13:41]} 12. cxd5 {[%clk 1:19:50]} 12... exd4 {[%clk 1:13:04]} 13. Nb3 {
[%clk 1:18:56]} 13... c6 {[%clk 1:11:25]} 14. dxc6 {[%clk 1:18:08]} 14... bxc6
{[%clk 1:10:31]} 15. Qxd4 {[%clk 1:17:42]} 15... Rb8 {[%clk 1:05:07]} 16. Kh1 {
[%clk 1:16:31]} 16... Rb4 {[%clk 0:59:36]} 17. Qxa7 {[%clk 1:13:12]} 17... Nb6
{[%clk 0:56:57]} 18. Na5 {[%clk 1:06:44]} 18... Nc8 {[%clk 0:50:07]} 19. Qe3 {
[%clk 0:59:21]} 19... Qxa5 {[%clk 0:42:28]} 20. Bd2 {[%clk 0:59:47]} 20... Qb6
{[%clk 0:42:24]} 21. Qxb6 {[%clk 0:57:22]} 21... Rxb6 {[%clk 0:41:28]} 22. Bc3
{[%clk 0:56:16]} 22... Bb4 {[%clk 0:37:40]} 23. Bd4 {[%clk 0:52:46]} 23... Rb5
{[%clk 0:35:22]} 24. a3 {[%clk 0:46:46]} 24... Ba5 {[%clk 0:33:43]} 25. Rac1 {
[%clk 0:45:41]} 25... Bb6 {[%clk 0:32:40]} 26. Bc3 {[%clk 0:39:28]} 26... Nd7 {
[%clk 0:30:39]} 27. Rfd1 {[%clk 0:38:37]} 27... Nc5 {[%clk 0:29:59]} 28. Bf1 {
[%clk 0:30:44]} 28... Nb3 {[%clk 0:28:11]} 29. Bxb5 {[%clk 0:27:19]} 29... Nxc1
{[%clk 0:28:12]} 30. Bxc6 {[%clk 0:22:45]} 30... Ne2 {[%clk 0:25:14]} 31. Bb4 {
[%clk 0:15:05]} 31... Rd8 {[%clk 0:20:26]} 32. Rxd8+ {[%clk 0:15:03]} 32...
Bxd8 {[%clk 0:20:45]} 33. a4 {[%clk 0:12:24]} 33... Nd4 {[%clk 0:20:31]} 34.
Bb7 {[%clk 0:08:30]} 34... Nb6 {[%clk 0:19:58]} 35. a5 {[%clk 0:02:16]} 35...
Nc4 {[%clk 0:17:27]} 36. a6 {[%clk 0:01:48]} 36... Bb6 {[%clk 0:17:17]} 37. Kg2
{[%clk 0:01:25]} 37... Nxb2 {[%clk 0:16:41]} 38. g4 {[%clk 0:00:57]} 38... Nd3
{[%clk 0:14:25]} 39. Bd6 {[%clk 0:00:41]} 39... Ba7 {[%clk 0:14:18]} 40. e5 {
[%clk 0:00:57]} 40... Nb5 {[%clk 0:14:20]} 41. Be4 {[%clk 0:00:52]} 41... Nxd6
{[%clk 0:10:47]} 42. exd6 {[%clk 0:00:45]} 42... Nc5 {[%clk 0:11:00]} 43. Bb7 {
[%clk 0:00:40]} 43... Kf8 {[%clk 0:09:46]} 44. Kg3 {[%clk 0:29:54]} 44... Ke8 {
[%clk 0:39:29]} 45. Bc6+ {[%clk 0:28:40]} 45... Kd8 {[%clk 0:39:06]} 46. Bb5 {
[%clk 0:28:32]} 46... Nd7 {[%clk 0:37:07]} 47. Kf4 {[%clk 0:26:56]} 47... Bb8 {
[%clk 0:29:42]} 48. Ke4 {[%clk 0:26:31]} 48... Nb6 {[%clk 0:28:10]} 49. Bc6 {
[%clk 0:25:39]} 49... Nc8 {[%clk 0:25:24]} 50. Kd5 {[%clk 0:24:43]} 1/2-1/2

[Event "DVM U14 2020"]
[Site "Willingen GER"]
[Date "2021.06.25"]
[Round "4"]
[White "Ermitsch, Magnus"]
[Black "Hommer, Jeremy"]
[Result "0-1"]
[Termination "normal"]
[Board "2.1"]
[WhiteElo "2115"]
[BlackElo "2180"]
[WhiteTeam "SC Borussia Lichtenberg"]
[BlackTeam "SC Turm Lüneburg e.V."]
[PlyCount "76"]
[WhiteFideId "16234464"]
[BlackFideId "12992577"]
[EventCountry "GER"]
[EventRounds "7"]
[EventType "team-swiss"]
[EventDate "2021.06.23"]

1. e4 c6 2. Nf3 d5 3. Nc3 dxe4 4. Nxe4 Nf6 5. Qe2 Bf5 6. Nxf6+ gxf6 7. d4 Qd5
8. c4 Qe4 9. Be3 e5 10. a3 Nd7 11. Rc1 O-O-O 12. Nd2 Qg4 13. f3 Qg7 14. d5 Bc5
15. Bxc5 Nxc5 16. Qe3 b6 17. b4 Na6 18. dxc6 Qg5 19. Qxg5 fxg5 20. Rc3 Nc7 21.
Nb3 Rd6 22. b5 Rhd8 23. Be2 Bd3 24. a4 Ne6 25. Kf2 e4 26. fxe4 Bxe4 27. Re1 f5
28. c5 bxc5 29. Nxc5 Nxc5 30. Rxc5 Rd2 31. Kg3 h5 32. h4 f4+ 33. Kf2 g4 34. c7
Re8 35. Kf1 Bxg2+ 36. Kxg2 f3+ 37. Kf1 Rexe2 38. Rxe2 Rxe2 0-1

[Event "DVM U14 2020"]
[Site "Willingen GER"]
[Date "2021.06.25"]
[Round "4"]
[White "Bildat, Emilia"]
[Black "Klühs, Gustaf"]
[Result "0-1"]
[Termination "normal"]
[Board "2.2"]
[WhiteElo "1852"]
[BlackElo "1823"]
[WhiteClock "00:06:58"]
[BlackClock "01:23:16"]
[WhiteTeam "SC Turm Lüneburg e.V."]
[BlackTeam "SC Borussia Lichtenberg"]
[PlyCount "122"]
[WhiteFideId "16218140"]
[BlackFideId "16228936"]
[EventCountry "GER"]
[EventRounds "7"]
[EventType "team-swiss"]
[EventDate "2021.06.23"]

1. c4 {[%clk 1:30:58]} 1... b6 {[%clk 1:30:56]} 2. g3 {[%clk 1:30:24]} 2... Bb7
{[%clk 1:31:22]} 3. Nf3 {[%clk 1:30:49]} 3... Bxf3 {[%clk 1:31:48]} 4. exf3 {
[%clk 1:31:13]} 4... c5 {[%clk 1:32:15]} 5. Bg2 {[%clk 1:31:16]} 5... Nc6 {
[%clk 1:32:37]} 6. f4 {[%clk 1:31:04]} 6... g6 {[%clk 1:32:54]} 7. O-O { [%clk
1:30:40]} 7... Bg7 {[%clk 1:33:19]} 8. Nc3 {[%clk 1:30:21]} 8... Nh6 { [%clk
1:33:33]} 9. d3 {[%clk 1:28:16]} 9... O-O {[%clk 1:33:52]} 10. Bd2 { [%clk
1:27:43]} 10... Nf5 {[%clk 1:33:57]} 11. a3 {[%clk 1:27:05]} 11... Rc8 { [%clk
1:34:01]} 12. Rb1 {[%clk 1:26:41]} 12... Ncd4 {[%clk 1:32:57]} 13. b4 { [%clk
1:25:20]} 13... d6 {[%clk 1:32:49]} 14. Re1 {[%clk 1:17:15]} 14... e6 { [%clk
1:32:23]} 15. b5 {[%clk 1:12:45]} 15... h5 {[%clk 1:21:42]} 16. a4 { [%clk
1:07:59]} 16... h4 {[%clk 1:16:47]} 17. Ra1 {[%clk 1:02:34]} 17... Ne7 { [%clk
1:15:09]} 18. Ra2 {[%clk 0:56:32]} 18... d5 {[%clk 1:13:18]} 19. a5 { [%clk
0:51:21]} 19... dxc4 {[%clk 1:12:32]} 20. dxc4 {[%clk 0:50:22]} 20... hxg3
{[%clk 1:12:35]} 21. fxg3 {[%clk 0:45:00]} 21... Ndf5 {[%clk 1:12:34]} 22. Qe2
{[%clk 0:37:04]} 22... Bd4+ {[%clk 1:11:32]} 23. Kh1 {[%clk 0:36:56]} 23... Nd6
{[%clk 1:10:51]} 24. axb6 {[%clk 0:35:35]} 24... axb6 {[%clk 1:11:17]} 25. Ra6
{[%clk 0:34:54]} 25... Nef5 {[%clk 1:10:37]} 26. Rea1 {[%clk 0:28:58]} 26...
Rb8 {[%clk 1:07:04]} 27. R1a3 {[%clk 0:26:49]} 27... Qf6 {[%clk 1:05:57]} 28.
Ne4 {[%clk 0:24:39]} 28... Nxe4 {[%clk 1:05:54]} 29. Bxe4 {[%clk 0:19:34]}
29... Nd6 30. Bg2 30... Qf5 {[%clk 1:05:52]} 31. Bc3 {[%clk 0:16:44]} 31...
Qb1+ {[%clk 1:03:35]} 32. Qf1 {[%clk 0:15:38]} 32... Qxf1+ {[%clk 1:02:51]} 33.
Bxf1 {[%clk 0:16:01]} 33... Nf5 {[%clk 1:03:18]} 34. Bxd4 {[%clk 0:11:21]}
34... Nxd4 {[%clk 1:03:40]} 35. Bd3 {[%clk 0:09:59]} 35... Kg7 {[%clk 1:03:59]}
36. Kg2 {[%clk 0:09:22]} 36... Kf6 {[%clk 1:04:20]} 37. Kf2 {[%clk 0:07:40]}
37... Rfd8 {[%clk 1:02:22]} 38. Ke3 {[%clk 0:05:54]} 38... Rd6 {[%clk 1:01:45]}
39. Be4 {[%clk 0:04:40]} 39... e5 {[%clk 1:00:50]} 40. fxe5+ {[%clk 0:01:13]}
40... Kxe5 {[%clk 1:01:10]} 41. Ra2 {[%clk 0:25:39]} 41... f5 {[%clk 1:31:31]}
42. Bg2 {[%clk 0:24:57]} 42... g5 {[%clk 1:31:32]} 43. R6a3 {[%clk 0:22:56]}
43... Rh8 {[%clk 1:30:20]} 44. h3 {[%clk 0:22:05]} 44... Rf6 {[%clk 1:29:53]}
45. Ra8 {[%clk 0:19:31]} 45... Rxa8 {[%clk 1:28:13]} 46. Rxa8 {[%clk 0:19:55]}
46... f4+ {[%clk 1:27:49]} 47. gxf4+ {[%clk 0:20:02]} 47... gxf4+ { [%clk
1:28:13]} 48. Kf2 {[%clk 0:19:55]} 48... Nc2 {[%clk 1:24:18]} 49. Rd8 { [%clk
0:15:55]} 49... Ne3 {[%clk 1:24:04]} 50. Bf1 {[%clk 0:16:10]} 50... Rh6 { [%clk
1:21:45]} 51. Re8+ {[%clk 0:10:14]} 51... Kd4 {[%clk 1:22:00]} 52. Rf8 { [%clk
0:10:00]} 52... Nxf1 {[%clk 1:21:25]} 53. Kxf1 {[%clk 0:09:29]} 53... Kxc4
{[%clk 1:21:49]} 54. Rxf4+ 54... Kxb5 {[%clk 1:21:56]} 55. h4 { [%clk 0:09:42]}
55... c4 {[%clk 1:21:55]} 56. Ke2 {[%clk 0:09:15]} 56... Kb4 { [%clk 1:22:17]}
57. Kd2 {[%clk 0:09:26]} 57... Kb3 {[%clk 1:21:54]} 58. Kc1 { [%clk 0:09:30]}
58... b5 {[%clk 1:22:09]} 59. Rf5 {[%clk 0:08:36]} 59... b4 { [%clk 1:22:30]}
60. h5 {[%clk 0:07:39]} 60... c3 {[%clk 1:22:55]} 61. Rg5 { [%clk 0:06:58]}
61... Ra6 {[%clk 1:23:16]} 0-1

[Event "DVM U14 2020"]
[Site "Willingen GER"]
[Date "2021.06.25"]
[Round "4"]
[White "Zobel, Christian"]
[Black "Rennkamp, Johannes"]
[Result "1-0"]
[Termination "normal"]
[Board "2.3"]
[WhiteElo "1587"]
[BlackElo "1603"]
[WhiteClock "00:12:32"]
[BlackClock "00:21:14"]
[WhiteTeam "SC Borussia Lichtenberg"]
[BlackTeam "SC Turm Lüneburg e.V."]
[PlyCount "137"]
[WhiteFideId "16259068"]
[BlackFideId "16268784"]
[EventCountry "GER"]
[EventRounds "7"]
[EventType "team-swiss"]
[EventDate "2021.06.23"]

1. e4 {[%clk 1:30:24]} 1... c5 {[%clk 1:30:59]} 2. Nf3 {[%clk 1:30:46]} 2... g6
{[%clk 1:31:24]} 3. Bc4 {[%clk 1:27:52]} 3... Bg7 {[%clk 1:31:41]} 4. O-O {
[%clk 1:27:41]} 4... Nc6 {[%clk 1:32:02]} 5. Bb5 {[%clk 1:26:15]} 5... e6 {
[%clk 1:31:50]} 6. Bxc6 {[%clk 1:25:56]} 6... bxc6 {[%clk 1:32:07]} 7. d3 {
[%clk 1:25:36]} 7... Ne7 {[%clk 1:32:17]} 8. Nc3 {[%clk 1:24:50]} 8... d5 {
[%clk 1:32:01]} 9. Re1 {[%clk 1:23:13]} 9... O-O {[%clk 1:31:41]} 10. Bd2 {
[%clk 1:21:06]} 10... Rb8 {[%clk 1:25:45]} 11. Rb1 {[%clk 1:19:04]} 11... Ba6 {
[%clk 1:24:12]} 12. Na4 {[%clk 1:16:42]} 12... c4 {[%clk 1:23:55]} 13. Bf4 {
[%clk 1:12:09]} 13... Rc8 {[%clk 1:18:22]} 14. Nc5 {[%clk 1:07:29]} 14... Qa5 {
[%clk 1:13:05]} 15. d4 {[%clk 1:02:07]} 15... Bb5 {[%clk 1:08:21]} 16. Bd2 {
[%clk 0:57:55]} 16... c3 {[%clk 1:01:02]} 17. Bxc3 {[%clk 0:57:15]} 17... Qc7 {
[%clk 1:01:16]} 18. e5 {[%clk 0:55:22]} 18... Qb6 {[%clk 0:58:54]} 19. Nd7 {
[%clk 0:53:22]} 19... Qc7 {[%clk 0:59:04]} 20. Nxf8 20... Kxf8 {[%clk 0:59:32]}
21. Bb4 {[%clk 0:50:37]} 21... Qb6 {[%clk 0:57:50]} 22. Bc5 {[%clk 0:48:14]}
22... Qb7 {[%clk 0:57:01]} 23. b3 {[%clk 0:47:02]} 23... Ke8 {[%clk 0:56:47]}
24. c4 {[%clk 0:39:49]} 24... Ba6 {[%clk 0:57:01]} 25. cxd5 {[%clk 0:37:36]}
25... cxd5 {[%clk 0:57:09]} 26. Rc1 {[%clk 0:35:22]} 26... Nf5 {[%clk 0:55:00]}
27. Rc3 {[%clk 0:32:26]} 27... Qb5 {[%clk 0:53:13]} 28. Qc2 {[%clk 0:30:33]}
28... Qa5 {[%clk 0:51:45]} 29. Qb2 {[%clk 0:29:37]} 29... Bh6 {[%clk 0:50:52]}
30. g4 {[%clk 0:28:08]} 30... Ne7 {[%clk 0:50:18]} 31. g5 {[%clk 0:28:34]}
31... Bg7 {[%clk 0:49:34]} 32. Rec1 {[%clk 0:28:49]} 32... Nc6 {[%clk 0:49:16]}
33. Bb4 {[%clk 0:22:55]} 33... Qb5 {[%clk 0:45:34]} 34. Rc5 {[%clk 0:20:45]}
34... Qd3 {[%clk 0:45:23]} 35. Rxc6 {[%clk 0:20:31]} 35... Rxc6 {[%clk 0:45:35]
} 36. Nd2 {[%clk 0:13:39]} 36... Rxc1+ {[%clk 0:21:42]} 37. Qxc1 { [%clk
0:14:01]} 37... Qb5 {[%clk 0:21:33]} 38. Qc5 {[%clk 0:12:49]} 38... Qxc5 {[%clk
0:21:04]} 39. Bxc5 {[%clk 0:13:13]} 39... Bf8 {[%clk 0:21:23]} 40. Bxa7 {[%clk
0:12:23]} 40... h6 {[%clk 0:21:21]} 41. f4 {[%clk 0:11:36]} 41... hxg5 { [%clk
0:21:00]} 42. fxg5 {[%clk 0:11:59]} 42... Bb4 {[%clk 0:21:16]} 43. Nf3 { [%clk
0:12:03]} 43... Bd3 {[%clk 0:21:16]} 44. Bc5 {[%clk 0:11:51]} 44... Bxc5 {[%clk
0:21:08]} 45. dxc5 {[%clk 0:12:16]} 45... Kd7 {[%clk 0:21:30]} 46. Nd4 { [%clk
0:12:30]} 46... Kc7 {[%clk 0:21:29]} 47. Kf2 {[%clk 0:11:11]} 47... Kb7 { [%clk
0:21:39]} 48. Kg3 {[%clk 0:11:04]} 48... Kc7 {[%clk 0:21:11]} 49. Kg4 { [%clk
0:10:09]} 49... Bf5+ {[%clk 0:21:18]} 50. Kf4 {[%clk 0:09:37]} 50... Kb7 {[%clk
0:21:17]} 51. b4 {[%clk 0:09:36]} 51... Kc7 {[%clk 0:21:23]} 52. a4 { [%clk
0:09:25]} 52... Bd3 {[%clk 0:21:26]} 53. b5 {[%clk 0:09:41]} 53... Bc4 { [%clk
0:21:21]} 54. a5 {[%clk 0:09:46]} 54... Kb8 {[%clk 0:20:32]} 55. h4 { [%clk
0:09:39]} 55... Bd3 {[%clk 0:20:36]} 56. c6 {[%clk 0:08:45]} 56... Kc7 { [%clk
0:20:49]} 57. b6+ {[%clk 0:08:57]} 57... Kd8 {[%clk 0:20:37]} 58. Kg4 { [%clk
0:09:16]} 58... Kc8 {[%clk 0:20:21]} 59. h5 {[%clk 0:09:02]} 59... Bf5+ { [%clk
0:20:33]} 60. Kh4 {[%clk 0:09:18]} 60... gxh5 {[%clk 0:19:52]} 61. Kxh5 { [%clk
0:09:39]} 61... Bg6+ {[%clk 0:20:08]} 62. Kh6 {[%clk 0:10:06]} 62... f5 { [%clk
0:20:13]} 63. gxf6 {[%clk 0:10:27]} 63... Bf7 {[%clk 0:20:19]} 64. Kg7 { [%clk
0:10:50]} 64... Kd8 {[%clk 0:20:20]} 65. a6 {[%clk 0:11:11]} 65... Be8 { [%clk
0:20:22]} 66. a7 {[%clk 0:11:25]} 66... Bxc6 {[%clk 0:20:36]} 67. Nxc6+ { [%clk
0:11:50]} 67... Kd7 {[%clk 0:20:58]} 68. a8=R {[%clk 0:12:07]} 68... Kxc6
{[%clk 0:21:14]} 69. f7 {[%clk 0:12:32]} 1-0